Estadísticas para Prueba de Tayikistán

Haz click aquí para tomar la prueba!

Estadísticas generales

  • Esta prueba ha sido tomada 247 veces
  • La puntuación promedio es 10 de 15

Estadísticas de respuestas

PistaRespuesta% Correcto
La religión practicada por el 98% de la poblaciónIslam
94%
Cuatro países tienen frontera con Tayikistán. Nombra el único que no termina en "stan".China
91%
País del que Tayikistán obtuvo su independencia en 1991Unión Soviética
91%
Antigua ruta comercial que pasaba por el áreaRuta de la {Seda}
87%
Nombra uno de los dos países que tiene una elevación media superior a la de TayikistánBután | Nepal
85%
Región en la que se encuentra TayikistánAsia {Central}
83%
La otra lengua franca de TayikistánRuso
83%
Al igual que su vecino Afganistán, Tayikistán es un centro de producción de esta droga ilegalHeroina
76%
Capital de TayikistánDusambé
66%
Tayikistán es el hogar del ______ más largo fuera de las regiones polaresGlaciar
59%
El antiguo nombre de esa ciudad (pista: un dictador brutal){Stalin}abad
47%
El tayiko, el idioma oficial de Tayikistán, es un dialecto de ....Persa
41%
Palabra, empezando con R, que se refiere a las transferencias financieras de los
trabajadores expatriados a su país de origen (que representan el 47% del PIB de Tayikistán)
Remesa
33%
Término para la lucha entre Gran Bretaña y Rusia por el control de esta área durante el siglo XIXEl Gran {Juego}
26%
Moneda de TayikistánSomoni
25%

Distribución de puntuación

Porcentaje por número respondido

Porcentaje de gente con cada puntuación

Historial de tus puntuaciones

No has tomado esta prueba